Пропуск в контексте

Физико-химические методы анализа: практическое пособие

Целью настоящего практического пособия является оказание помощи студентам при выполнении лабораторных работ по спецкурсу «Физико-химические методы анализа». Издание содержит методику работы, а также вопросы для контроля, самоконтроля и степени усвоения материала. Адресовано студентам специальности 1...

Popoln opis

Shranjeno v:
Bibliografske podrobnosti
Glavni avtor: Воробьева Е. В.
Format: Книга
Jezik:Russian
Izdano: Гомель ГГУ имени Ф. Скорины 2022
Online dostop:https://e.lanbook.com/book/320960
https://e.lanbook.com/img/cover/book/320960.jpg
Oznake: Označite
Brez oznak, prvi označite!
LEADER 01756nam0a2200277 i 4500
001 320960
003 RuSpLAN
005 20240216150941.0
008 240216s2022 ru gs 000 0 rus
020 |a 978-985-577-833-3 
040 |a RuSpLAN 
041 0 |a rus 
044 |a ru 
080 |a 543.5(076) 
084 |a 24.43я73  |2 rubbk 
245 0 0 |a Физико-химические методы анализа: практическое пособие  |c Воробьева Е. В. 
260 |a Гомель  |b ГГУ имени Ф. Скорины  |c 2022 
300 |a 27 с. 
504 |a Библиогр.: доступна в карточке книги, на сайте ЭБС Лань 
520 8 |a Целью настоящего практического пособия является оказание помощи студентам при выполнении лабораторных работ по спецкурсу «Физико-химические методы анализа». Издание содержит методику работы, а также вопросы для контроля, самоконтроля и степени усвоения материала. Адресовано студентам специальности 1-31 01 01-02 «Биология (научно-педагогическая деятельность)» специализации 1-31 01 01-02 05 «Биохимия». 
521 8 |a Книга из коллекции ГГУ имени Ф. Скорины - Биология 
521 8 |a СЭБ 
100 1 |a Воробьева Е. В. 
856 4 |u https://e.lanbook.com/book/320960 
856 4 8 |u https://e.lanbook.com/img/cover/book/320960.jpg 
953 |a https://e.lanbook.com/img/cover/book/320960.jpg 
Cannot write session to /tmp/vufind_sessions/sess_89r7l2nus2pud8t38ef0pj38k4